Выявление условий кольцевого завивания стружки в вертикальной плоскости; Труды XIII научно-практической конференции, посвященной 100-летию начала учебных занятий в ТПУ

Podrobná bibliografie
Parent link:Труды XIII научно-практической конференции, посвященной 100-летию начала учебных занятий в ТПУ.— 2000.— С. 85-88.
Hlavní autor: Корчуганова М. А. Марина Анатольевна
Jazyk:ruština
Vydáno: 2000
Témata:
Médium: Kapitola
KOHA link:https://koha.lib.tpu.ru/cgi-bin/koha/opac-detail.pl?biblionumber=75901

MARC

LEADER 00000naa2a2200000 4500
001 75901
005 20231101212837.0
035 |a (RuTPU)RU\TPU\book\81001 
090 |a 75901 
100 |a 20050405d2000 k y0rusy50 ca 
101 0 |a rus 
102 |a RU 
200 1 |a Выявление условий кольцевого завивания стружки в вертикальной плоскости  |f М. А. Корчуганова 
320 |a Библиогр.: 1 назв. 
463 1 |0 (RuTPU)RU\TPU\book\24541  |t Труды XIII научно-практической конференции, посвященной 100-летию начала учебных занятий в ТПУ  |o Филиал ТПУ, Юрга, 27-28 апреля 2000 г  |f ТПУ  |v С. 85-88.  |d 2000  |p 181 с. 
610 1 |a стружка 
610 1 |a режущий инструмент 
610 1 |a стружколом 
610 1 |a обработка пластичных материалов 
610 1 |a труды учёных ТПУ 
700 1 |a Корчуганова  |b М. А.  |c специалист в области информатики и вычислительной техники  |c доцент Юргинского технологического института (филиала) Томского политехнического университета  |f 1972-  |g Марина Анатольевна  |2 stltpush  |3 (RuTPU)RU\TPU\pers\24295  |9 10760 
801 1 |a RU  |b 63413507  |c 20050405  |g PSBO 
801 2 |a RU  |b 63413507  |c 20170417  |g RCR 
942 |c BK